[Event "Druzynowe Mistrzostwa Polski Juniorow 2019 - II Liga"]
[Site "Szczyrk"]
[Date "1899-12-30"]
[Round "1.78"]
[White "Bar, Klaudia"]
[Black "Gac-mytych, Sara"]
[Result "1-0"]
[WhiteTitle "I"]
[BlackTitle "II"]
[WhiteElo "1512"]
[BlackElo "1043"]

1. e4 e5 2. Nf3 Nf6 3. Nxe5 d6 4. Nf3 Nxe4 5. Bc4 d5 6. Bb3 Bg4 7. Qe2 Be7 8. h3
Bh5 9. g4 Bg6 10. Qb5+ Nd7 11. Qxb7 Bc5 12. d4 Nd6 13. Qc6 Qe7+ 14. Be3 O-O 15.
dxc5 Nc4 16. Bxc4 dxc4 17. Nbd2 Rfe8 18. O-O-O Rac8 19. Rhe1 Ne5 20. Nxe5 Qxe5
21. Nxc4 Qe7 22. Bf4 Qf8 23. Rxe8 Rxe8 24. Qxc7 Re2 25. Rd8 Rxc2+ 26. Kd1 Re2
27. Rxf8+ Kxf8 28. Qd8+ Re8 29. Bd6+ Kg8 30. Qxe8# 1-0

[Event "Druzynowe Mistrzostwa Polski Juniorow 2019 - II Liga"]
[Site "Szczyrk"]
[Date "1899-12-30"]
[Round "1.79"]
[White "Jarzebowski, Kacper"]
[Black "Grzegorski, Michal"]
[Result "1-0"]
[WhiteTitle "k"]
[BlackTitle "I"]
[WhiteElo "1987"]
[BlackElo "1763"]

1. e4 c5 2. Ne2 d6 3. g3 g6 4. Bg2 Bg7 5. O-O Nc6 6. c3 e6 7. f4 Nge7 8. Na3 O-O
9. Nc2 b5 10. d4 b4 11. Be3 bxc3 12. bxc3 cxd4 13. Ncxd4 Ba6 14. Rf2 Bh6 15. Qa4
Nxd4 16. Nxd4 Bb7 17. Rb1 Qc7 18. Nb5 Qd7 19. Qa3 d5 20. Rd2 Rfc8 21. Nd6 Rc7
22. c4 Bf8 23. Nxb7 Rxb7 24. Qd3 Nc6 25. Rxb7 Qxb7 26. cxd5 exd5 27. exd5 Nb4
28. Qb3 Qc7 29. d6 Qc1+ 30. Rd1 Qc2 31. Bxa8 1-0

[Event "Druzynowe Mistrzostwa Polski Juniorow 2019 - II Liga"]
[Site "Szczyrk"]
[Date "1899-12-30"]
[Round "1.80"]
[White "Klaska, Szymon"]
[Black "Dalkowski, Rafal"]
[Result "0-1"]
[WhiteTitle "III"]
[BlackTitle "II+"]
[WhiteElo "1332"]
[BlackElo "1731"]

1. e4 c6 2. d4 d5 3. Nc3 dxe4 4. Nxe4 Bf5 5. Ng3 Bg6 6. Nf3 Nd7 7. h4 h6 8. h5
Bh7 9. Bd3 Bxd3 10. Qxd3 e6 11. Bf4 Ngf6 12. O-O-O Be7 13. Ne4 Nxe4 14. Qxe4 Nf6
15. Qe2 Qb6 16. Ne5 Nd5 17. Bg3 Bg5+ 18. f4 Nxf4 19. Bxf4 Bxf4+ 20. Kb1 Bxe5 21.
Qxe5 O-O 22. g4 Qb5 23. Qg3 Rad8 24. Rhe1 Rd5 25. b3 Qb6 26. c4 Rxd4 27. g5 hxg5
28. Qxg5 Rfd8 29. Rc1 Rd2 30. h6 Qd4 31. Qxg7+ Qxg7 32. hxg7 Kxg7 33. Rg1+ Kf6
34. Rcf1+ Ke7 35. Re1 Rf2 36. Rd1 Rxd1+ 37. Rxd1 Rg2 38. a4 c5 39. a5 f5 40. b4
cxb4 41. c5 Rg3 42. Rd4 Rg4 43. Rd3 Rc4 44. Rb3 Rxc5 45. Rxb4 Rxa5 46. Rxb7+ Kd6
47. Kc2 Kd5 48. Kd2 Ra4 49. Rd7+ Ke4 50. Rh7 e5 51. Rh3 Ra2+ 52. Kd1 f4 53. Ke1
f3 54. Rh5 Kd4 55. Rh7 Ke3 56. Rh5 Ra1# 0-1

[Event "Druzynowe Mistrzostwa Polski Juniorow 2019 - II Liga"]
[Site "Szczyrk"]
[Date "1899-12-30"]
[Round "1.81"]
[White "Zdybel, Przemyslaw"]
[Black "Franek, Diana"]
[Result "1-0"]
[WhiteTitle "I"]
[BlackTitle "I"]
[WhiteElo "1710"]
[BlackElo "1318"]

1. e4 e5 2. Nf3 Nc6 3. Bb5 a6 4. Ba4 Nf6 5. O-O b5 6. Bb3 Be7 7. Re1 d6 8. c3 O-O
9. h3 Re8 10. Ng5 Rf8 11. Nf3 h6 12. d4 Bb7 13. Nbd2 Re8 14. Nf1 Nh7 15. Ng3 Bf6
16. a4 exd4 17. cxd4 Qd7 18. Qd3 Na7 19. Bc2 Nf8 20. Nh5 Bd8 21. Bd2 c5 22. d5
Nc8 23. Bc3 f6 24. b3 b4 25. Bd2 a5 26. Nh4 Qf7 27. Qf3 Ne7 28. Bxh6 gxh6 29.
Nxf6+ Kh8 30. Nxe8 Qxe8 31. Qf6+ Kg8 32. Qxd6 Nc8 33. Qg3+ Kh8 34. Nf5 Qf7 35.
Nxh6 Qg7 36. Qxg7+ Kxg7 37. Nf5+ Kf6 38. e5+ Kg5 39. Rad1 Ne7 40. Nxe7 Bxe7 41.
d6 Bd8 42. e6 1-0

[Event "Druzynowe Mistrzostwa Polski Juniorow 2019 - II Liga"]
[Site "Szczyrk"]
[Date "1899-12-30"]
[Round "1.82"]
[White "Rosinski, Filip"]
[Black "Jaskulski, Jan"]
[Result "0-1"]
[WhiteTitle "II"]
[BlackTitle "II+"]
[WhiteElo "1375"]
[BlackElo "1513"]

1. e4 c5 2. Nf3 d6 3. d4 cxd4 4. Nxd4 Nf6 5. Nc3 Nc6 6. Bb5 Bd7 7. Be3 Ng4 8. Bxc6
bxc6 9. Qd2 Nxe3 10. Qxe3 g6 11. e5 Bg7 12. exd6 e5 13. Nf3 O-O 14. O-O Qa5 15.
Rfe1 Rfe8 16. Ne4 Rad8 17. Nc5 Qb6 18. Rab1 Bf5 19. Ne4 Qxe3 20. Rxe3 Bxe4 21.
Rxe4 Rxd6 22. Rbe1 f5 23. Rb4 e4 24. Ng5 Rd2 25. c3 h6 26. Nf3 Rd7 27. Nh4 Kf7
28. f3 Bf6 29. g3 Bxh4 30. gxh4 exf3 31. Rxe8 Kxe8 32. Kf2 Ke7 33. Kxf3 Rd3+ 34.
Kf2 Ke6 35. Rb3 f4 36. Rb4 Kf5 37. Kg2 Rd2+ 38. Kf3 g5 39. h3 Rd3+ 40. Kg2 g4
41. hxg4+ Kxg4 42. Kf2 Rd2+ 43. Kg1 Kg3 44. Kf1 f3 45. Ke1 f2+ 46. Kxd2 f1=Q 47.
Re4 Qg2+ 48. Kd3 Qxb2 0-1

[Event "Druzynowe Mistrzostwa Polski Juniorow 2019 - II Liga"]
[Site "Szczyrk"]
[Date "1899-12-30"]
[Round "1.83"]
[White "Wolszczak, Natalia"]
[Black "Piotrowska, Florentyna"]
[Result "0-1"]
[WhiteTitle "I"]
[BlackTitle "I"]
[WhiteElo "1217"]
[BlackElo "1278"]

1. e4 e5 2. Nf3 Nc6 3. Bc4 Nf6 4. d3 d6 5. Bg5 Be7 6. h3 O-O 7. O-O h6 8. Bh4 Be6
9. Bxe6 fxe6 10. Re1 Nh7 11. Bxe7 Qxe7 12. c3 Qf6 13. Qd2 Qf4 14. d4 Qxd2 15.
Nbxd2 exd4 16. cxd4 Rf7 17. Nc4 Raf8 18. Re2 Rxf3 19. gxf3 Nxd4 20. Kf1 Nxe2 21.
Kxe2 Ng5 22. Nd2 Nxh3 23. Rc1 Rf7 24. Ke3 e5 25. Rc4 Nf4 26. Ra4 a6 27. Rb4 b6
28. Ra4 a5 29. Nb1 h5 30. Nc3 h4 31. Rc4 g5 32. Nb5 Ne6 33. Rc1 Kg7 34. Rh1 Nd4
35. Nxd4 exd4+ 36. Ke2 Rf4 37. Rh2 Kf6 38. Rh1 c5 39. Rh2 d5 40. exd5 Ke5 41.
d6 Kxd6 42. Rh1 c4 43. Rg1 Rf5 44. Rg4 Kd5 45. Rg1 b5 46. Rd1 d3+ 47. Kd2 Rxf3
48. Rf1 Kd4 49. a3 b4 50. axb4 axb4 51. Kd1 g4 52. Ke1 g3 53. fxg3 Rxf1+ 54. Kxf1
hxg3 0-1

[Event "Druzynowe Mistrzostwa Polski Juniorow 2019 - II Liga"]
[Site "Szczyrk"]
[Date "1899-12-30"]
[Round "1.84"]
[White "Jedrzejewska, Zuzanna"]
[Black "Kotkowska, Antonina"]
[Result "1-0"]
[WhiteTitle "I"]
[BlackTitle "II"]
[WhiteElo "1189"]
[BlackElo "1115"]

1. e4 e5 2. Nf3 Nc6 3. Bb5 d6 4. O-O Nf6 5. Re1 Be7 6. c3 O-O 7. h3 a6 8. Ba4 d5
9. exd5 Qxd5 10. Bxc6 Qxc6 11. Nxe5 Qb6 12. d4 Be6 13. Nd2 c5 14. Ndc4 Qc7 15.
b3 b5 16. Nb2 cxd4 17. cxd4 Rad8 18. Qd3 Bc5 19. Be3 Rfe8 20. Rac1 Qb6 21. Rxc5
Bd5 22. Qe2 Ne4 23. Rcc1 f6 24. Ned3 Ng5 25. Nb4 Ba8 26. Qc2 a5 27. N4d3 Qb7 28.
f3 Rc8 29. Qf2 Rxc1 30. Rxc1 Qe7 31. Bxg5 fxg5 32. Re1 Qf8 33. Rxe8 Qxe8 34. Qe1
Qd7 35. Qe5 a4 36. Qb8+ Kf7 37. Ne5+ Ke7 38. Nxd7 Kxd7 39. Qxa8 Ke7 40. d5 Kd6
41. Qc6+ Ke7 42. Qe6+ Kd8 43. d6 h6 44. Qe7+ Kc8 45. Qc7# 1-0

[Event "Druzynowe Mistrzostwa Polski Juniorow 2019 - II Liga"]
[Site "Szczyrk"]
[Date "1899-12-30"]
[Round "1.85"]
[White "Kocierz, Pawel"]
[Black "Lewandowski, Wiktor"]
[Result "0-1"]
[WhiteTitle "II"]
[BlackTitle "II+"]
[WhiteElo "1309"]
[BlackElo "1749"]

1. Nf3 c5 2. g3 Nc6 3. d4 cxd4 4. Nxd4 g6 5. Bg2 Bg7 6. Nxc6 bxc6 7. O-O Nf6 8.
c4 Bb7 9. e4 d6 10. Nc3 O-O 11. Rb1 Nd7 12. Be3 a5 13. f4 Ba6 14. Qa4 Nb6 15.
Qxc6 Nxc4 16. Rfe1 Nxe3 17. Rxe3 Bd4 18. Rbe1 Ra7 19. Nb5 Bxb5 20. Qxb5 Qb6 21.
Qxb6 Bxb6 22. Kf1 Bxe3 23. Rxe3 Rc7 24. Ke1 Rc2 25. Re2 Rfc8 26. Rd2 Kf8 27. Bf1
Rxd2 28. Kxd2 e6 29. Ba6 Rc7 30. a3 Ke7 31. b4 axb4 32. axb4 Ra7 33. b5 Kd7 34.
Kc3 Kc7 35. Kd4 Kb6 36. g4 Rc7 37. f5 Rc2 38. h4 e5+ 39. Ke3 Rh2 40. h5 gxh5 41.
gxh5 Rxh5 42. Kf3 Rh3+ 43. Kg4 Re3 44. Kg5 Rxe4 45. Kh6 Rf4 46. Bc8 Kxb5 47. Bd7+
Kb6 48. Kxh7 Kc7 49. Bb5 Rxf5 0-1

[Event "Druzynowe Mistrzostwa Polski Juniorow 2019 - II Liga"]
[Site "Szczyrk"]
[Date "1899-12-30"]
[Round "1.86"]
[White "Kejna, Piotr"]
[Black "Grubiak, Karol"]
[Result "1-0"]
[WhiteTitle "CM"]
[BlackTitle "III"]
[WhiteElo "1726"]
[BlackElo "1194"]

1. e4 e5 2. Nf3 Nc6 3. Bc4 Nf6 4. d3 Bc5 5. c3 O-O 6. Bb3 h6 7. O-O d6 8. Nbd2
Ng4 9. h3 Nxf2 10. Rxf2 Bxf2+ 11. Kxf2 Be6 12. Bc2 Kh8 13. d4 exd4 14. cxd4 Nb4
15. d5 Nxc2 16. Qxc2 Bd7 17. Nc4 f5 18. e5 dxe5 19. Ncxe5 Kg8 20. Qb3 b6 21. Bf4
Kh7 22. Rc1 g5 23. Nxd7 Rf7 24. Nde5 Rg7 25. Be3 g4 26. Rc6 Kg8 27. Rxh6 gxf3
28. d6+ Kf8 29. Rh8+ Ke8 30. Rh6 1-0

[Event "Druzynowe Mistrzostwa Polski Juniorow 2019 - II Liga"]
[Site "Szczyrk"]
[Date "1899-12-30"]
[Round "1.87"]
[White "Czak, Dominik"]
[Black "Eigner, Jerzy"]
[Result "0-1"]
[WhiteTitle "III"]
[BlackTitle "II+"]
[WhiteElo "1297"]
[BlackElo "1516"]

1. d4 d5 2. c4 c6 3. Nc3 dxc4 4. a4 e5 5. e3 Be6 6. Nf3 Nd7 7. Be2 Qa5 8. Bd2 Bb4
9. O-O Ngf6 10. dxe5 Nxe5 11. Nd4 Bg4 12. f3 Bh5 13. g4 Bg6 14. f4 Nd3 15. f5
Qe5 16. Bxd3 cxd3 17. fxg6 hxg6 18. Rf2 O-O-O 19. Qf3 Rh4 20. h3 Rdh8 21. Qf4
Qxf4 22. Rxf4 Rxh3 23. Raf1 Bd6 24. R4f3 Rh1+ 25. Kf2 Rxf1+ 26. Kxf1 Rh1+ 27.
Kg2 Rh2+ 28. Kf1 Rxd2 29. g5 Ng4 30. Ne4 Nh2+ 31. Ke1 Nxf3+ 32. Nxf3 Re2+ 33.
Kd1 Bb4 34. Nc3 Rxb2 35. Ke1 Bxc3+ 36. Kf1 Re2 0-1

[Event "Druzynowe Mistrzostwa Polski Juniorow 2019 - II Liga"]
[Site "Szczyrk"]
[Date "1899-12-30"]
[Round "1.88"]
[White "Komendecki, Antoni"]
[Black "Galla, Wiktor"]
[Result "1-0"]
[WhiteTitle "II"]
[BlackTitle "III"]
[WhiteElo "1416"]
[BlackElo "1000"]

1. e4 e6 2. d4 d5 3. Bd3 c5 4. exd5 exd5 5. Nf3 Nc6 6. Be3 Qb6 7. b3 Bd7 8. dxc5
Bxc5 9. Bxc5 Qxc5 10. O-O Nf6 11. Re1+ Be6 12. Ng5 Qd6 13. Bf5 Nd8 14. Qe2 O-O
15. Bxe6 fxe6 16. Nd2 h6 17. Ngf3 Re8 18. Ne5 Nc6 19. c4 b6 20. Rad1 Nd4 21. Qd3
Nc6 22. Ndf3 Rad8 23. Qg6 Ne7 24. Qf7+ Kh7 25. Rd3 Rf8 26. Ng5+ Kh8 27. Qxf8+
Rxf8 28. Ngf7+ Kg8 29. Nxd6 dxc4 30. Nexc4 Ng4 31. f3 Nf6 32. Rxe6 Ng6 33. g3
Rd8 34. Ne5 Nxe5 35. Rxe5 Nd7 36. Re8+ Rxe8 37. Nxe8 Ne5 38. Re3 Nc6 39. Nd6 Kh7
40. Nc8 Kg6 41. Re6+ Kf5 42. Rxc6 a5 43. Ne7+ Ke5 44. Kf2 Kd4 45. Ke2 a4 46. f4
axb3 47. axb3 b5 48. h4 g5 49. hxg5 hxg5 50. Rc7 gxf4 51. gxf4 Ke4 52. f5 Ke5
53. Rc6 b4 54. f6 Ke4 55. f7 Ke5 56. f8=Q Kd4 57. Qf4# 1-0

[Event "Druzynowe Mistrzostwa Polski Juniorow 2019 - II Liga"]
[Site "Szczyrk"]
[Date "1899-12-30"]
[Round "1.89"]
[White "Trusz, Julia"]
[Black "Lascar, Maria Elena"]
[Result "1-0"]
[WhiteTitle "I+"]
[BlackTitle "I+"]
[WhiteElo "1649"]
[BlackElo "1590"]

1. e4 c5 2. Nf3 a6 3. c4 Nc6 4. d4 cxd4 5. Nxd4 d6 6. Nc3 g6 7. Be2 Bg7 8. Be3
Nf6 9. O-O O-O 10. Qd2 Bd7 11. f4 Rc8 12. Rac1 Kh8 13. b3 Qa5 14. Bf3 Bg4 15.
Nxc6 bxc6 16. Bd4 Bxf3 17. Rxf3 e5 18. fxe5 dxe5 19. Bf2 Ng4 20. Rf1 Bh6 21. Qe2
Rcd8 22. h3 Rd2 23. Qe1 Nxf2 24. R1xf2 Rfd8 25. Rxd2 Bxd2 26. Qh4 Bxc3 27. Rxf7
Qc5+ 28. Kh2 h5 29. Qxd8+ 1-0

[Event "Druzynowe Mistrzostwa Polski Juniorow 2019 - II Liga"]
[Site "Szczyrk"]
[Date "1899-12-30"]
[Round "1.90"]
[White "Salamon, Julia"]
[Black "Pietrzak, Emilia"]
[Result "1-0"]
[WhiteTitle "I"]
[BlackTitle "I"]
[WhiteElo "1273"]
[BlackElo "1320"]

1. d4 d5 2. Nf3 Nf6 3. e3 Bf5 4. c4 c6 5. Nc3 e6 6. Be2 Bd6 7. O-O h6 8. h3 O-O
9. a3 Nbd7 10. b3 Re8 11. Bb2 e5 12. cxd5 cxd5 13. dxe5 Nxe5 14. Nxd5 Nxd5 15.
Qxd5 Nxf3+ 16. Bxf3 Be6 17. Qd4 Bf8 18. b4 Re7 19. Rfd1 Rd7 20. Qe4 Rb8 21. Be5
Bd6 22. Bxd6 Rxd6 23. Qe5 Rxd1+ 24. Rxd1 Qe8 25. Qc7 Qc8 26. Qxc8+ Rxc8 27. Bxb7
Rc3 28. Rd8+ Kh7 29. Be4+ g6 30. Rd3 Rc1+ 31. Kh2 Rc2 32. Kg3 Bc4 33. Rd7 Ra2
34. Rxa7 Kg7 35. Bc6 h5 36. h4 Rb2 37. Rb7 Rc2 38. b5 Bb3 39. Rc7 Ba4 40. Ra7
Rc4 41. f4 Bc2 42. Bd5 Rc5 43. Rxf7+ Kh6 44. Bc6 Ba4 45. Rf6 Kg7 46. Rd6 Rc3 47.
Kf2 Rc2+ 48. Kf3 Rc3 49. Ke2 Rc5 50. Kd3 Rc1 51. Ke4 Rc5 52. Kd4 Rc1 53. Kd5 Bb3+
54. Ke5 Ba4 55. Rd7+ Kh6 56. Kf6 Rc5 57. e4 Bxb5 58. Bxb5 Rf5+ 59. exf5 gxf5 60.
Rh7+ Kxh7 1-0

[Event "Druzynowe Mistrzostwa Polski Juniorow 2019 - II Liga"]
[Site "Szczyrk"]
[Date "1899-12-30"]
[Round "1.91"]
[White "Grochol, Kamil"]
[Black "Poziomkowski, Szymon"]
[Result "1/2-1/2"]
[WhiteTitle "I"]
[BlackTitle "I"]
[WhiteElo "1714"]
[BlackElo "1816"]

1. e4 c5 2. Nf3 e6 3. d4 cxd4 4. Nxd4 a6 5. Nc3 Qc7 6. g3 Nf6 7. Bg2 Nc6 8. O-O
Be7 9. Re1 d6 10. Nxc6 bxc6 11. e5 dxe5 12. Rxe5 O-O 13. Bf4 Bd6 14. Rxe6 Bxe6
15. Bxd6 Qb6 16. Bxf8 Rxf8 17. Na4 Qa5 18. b3 Rd8 19. Qe1 Qxe1+ 20. Rxe1 Rd2 21.
c4 Rxa2 22. Nc5 Bf5 23. Bxc6 h5 24. b4 Rc2 25. Nxa6 Rxc4 26. Bb5 Rd4 27. Be2 h4
28. Rd1 Rxd1+ 29. Bxd1 hxg3 30. hxg3 Bd3 31. Nc5 Bc4 32. Bb3 Bxb3 33. Nxb3 Kf8
34. Nd4 Nd5 35. Nc2 Ke7 36. Kf1 Kd6 37. Ke2 Kc6 38. Kd3 Kb5 39. Kd4 Ne7 40. Ke5
Kc4 41. Kd6 Nf5+ 42. Ke5 Ne7 43. Ne3+ Kxb4 44. Nd5+ Nxd5 45. Kxd5 Kc3 46. Kd6
Kd4 47. Ke7 f5 48. Kf7 f4 49. gxf4 Ke4 50. Kxg7 Kxf4 1/2-1/2

[Event "Druzynowe Mistrzostwa Polski Juniorow 2019 - II Liga"]
[Site "Szczyrk"]
[Date "1899-12-30"]
[Round "1.92"]
[White "Kartasiewicz, Igor"]
[Black "Oles, Martin"]
[Result "0-1"]
[WhiteTitle "II"]
[BlackTitle "I"]
[WhiteElo "1000"]
[BlackElo "1682"]

1. e4 c5 2. Nf3 d6 3. Nc3 Nf6 4. Be2 g6 5. d3 Bg7 6. Be3 O-O 7. O-O Nc6 8. Qd2
Ng4 9. Bf4 e5 10. Bg3 Bh6 11. Qd1 f5 12. h3 f4 13. Nh2 fxg3 14. Nxg4 Bxg4 15.
Bxg4 gxf2+ 16. Kh1 Qh4 17. Ne2 Nd4 18. Nxd4 cxd4 19. Be6+ Kh8 20. Qg4 Qxg4 21.
Bxg4 Be3 22. c3 h5 23. Bf3 Rac8 24. c4 Kg7 25. a4 Kh6 26. Kh2 Kg5 27. b3 Bf4+
28. Kh1 Bg3 29. Ra2 Kf4 30. Re2 Rh8 31. Rexf2 Bxf2 32. Rxf2 Ke3 33. Rc2 Kxd3 34.
Rc1 Kd2 35. Rd1+ Kc2 36. Rf1 Kxb3 37. Be2 Rhf8 38. Rb1+ Kc3 39. Rxb7 d3 40. Bf3
d2 41. Rb1 Kc2 42. Ra1 Rxf3 0-1

[Event "Druzynowe Mistrzostwa Polski Juniorow 2019 - II Liga"]
[Site "Szczyrk"]
[Date "1899-12-30"]
[Round "1.93"]
[White "Jendrowiak, Maciej"]
[Black "Cwiek, Ryszard"]
[Result "0-1"]
[WhiteTitle "II"]
[BlackTitle "I"]
[WhiteElo "1507"]
[BlackElo "1728"]

1. d4 d6 2. Nf3 Bg4 3. Nbd2 Nd7 4. h3 Bxf3 5. Nxf3 e5 6. c3 c6 7. e4 g6 8. Bc4
b5 9. Bb3 Bg7 10. a4 bxa4 11. Bxa4 Qc7 12. d5 Ne7 13. dxc6 Nc5 14. Bc2 Nxc6 15.
Qd5 O-O 16. Be3 Ne7 17. Qc4 Qb7 18. Bxc5 Qxb2 19. O-O Rac8 20. Qb4 Qxc2 21. Bxd6
Nc6 22. Qb7 Rfe8 23. Ng5 f5 24. Ne6 Bf6 25. Nc7 Qxe4 26. Nxe8 Rxe8 27. Rfe1 Qc4
28. Rf1 e4 29. Ra6 Nd8 30. Qd7 Qe6 31. Rxa7 Qxd7 32. Rxd7 Ne6 33. Rb1 Bxc3 34.
Rbb7 Ng7 35. Rbc7 Bd4 36. Bf8 Rxf8 37. Rxd4 Ne6 38. Rdd7 Nxc7 39. Rxc7 Rf7 40.
Rc2 Rd7 41. g3 Kf7 42. h4 h6 43. Kg2 Ke6 44. Rb2 g5 45. hxg5 hxg5 46. Ra2 Ke5
47. Kf1 f4 48. gxf4+ gxf4 49. Ke1 Kf5 50. Ra5+ Kg4 51. Re5 Kf3 52. Rh5 Ra7 53.
Rh4 Ra1+ 54. Kd2 Ra2+ 55. Ke1 Re2+ 56. Kf1 Rxf2+ 57. Ke1 e3 58. Rh8 Ra2 0-1

[Event "Druzynowe Mistrzostwa Polski Juniorow 2019 - II Liga"]
[Site "Szczyrk"]
[Date "1899-12-30"]
[Round "1.94"]
[White "Cwiek, Stefan"]
[Black "Rzepka, Marcin"]
[Result "1/2-1/2"]
[WhiteTitle "II"]
[BlackTitle "II"]
[WhiteElo "1315"]
[BlackElo "1304"]

1. e4 e5 2. Nf3 Nc6 3. Bc4 Nf6 4. Ng5 d5 5. exd5 Na5 6. Bb5+ c6 7. dxc6 bxc6 8.
Bd3 h6 9. Ne4 Nd5 10. O-O Be7 11. Nbc3 O-O 12. Re1 f5 13. Nxd5 cxd5 14. Nc3 e4
15. Bb5 d4 16. Ne2 f4 17. c3 a6 18. Ba4 Bg4 19. b4 d3 20. bxa5 Bxe2 21. Qb3+ Kh8
22. Bc6 Rb8 23. Qe6 f3 24. Bxe4 fxg2 25. Qg6 Kg8 26. Qh7+ Kf7 27. Qg6+ Kg8 28.
Qh7+ Kf7 29. Qg6+ Kg8 30. Qh7+ Kf7 31. Qg6+ 1/2-1/2

[Event "Druzynowe Mistrzostwa Polski Juniorow 2019 - II Liga"]
[Site "Szczyrk"]
[Date "1899-12-30"]
[Round "1.95"]
[White "Kroliczek, Gabriela"]
[Black "Zybrant, Sandra"]
[Result "1-0"]
[WhiteTitle "I++"]
[BlackTitle "II"]
[WhiteElo "1664"]
[BlackElo "1000"]

1. e4 d5 2. exd5 Qxd5 3. Nc3 Qa5 4. d4 c6 5. Bd3 Nf6 6. Nge2 e6 7. O-O Be7 8. Bf4
Nbd7 9. Re1 O-O 10. a3 Qd8 11. b4 Nb6 12. h3 Nbd5 13. Bh2 Nxc3 14. Nxc3 g6 15.
Bc4 Re8 16. Bb3 b6 17. b5 Nd5 18. Nxd5 cxd5 19. Qf3 Bd7 20. a4 a6 21. Qd3 a5 22.
c4 dxc4 23. Bxc4 Bf6 24. Rad1 Rc8 25. Qb3 Kg7 26. Bf4 Qe7 27. d5 Qb4 28. Rc1 Qxb3
29. Bxb3 Rxc1 30. Rxc1 exd5 31. Bxd5 g5 32. Be3 Bd8 33. Rd1 f5 34. Bb3 Bc8 35.
Rd6 Bc7 36. Rc6 Re7 37. Kf1 Bb7 38. Bd4+ Kf8 39. Rf6+ Ke8 40. Bxb6 Be5 41. Rxf5
Bc3 42. Be3 Be4 43. Rxg5 Bd3+ 44. Kg1 Bf6 45. Rc5 Bf5 46. Rxf5 Bc3 47. b6 Kd7
48. Rc5 Bb4 49. Rc7+ Kd6 50. Bf4+ Re5 51. Bxe5+ Kxe5 52. b7 Bd6 53. b8=Q Bxc7
54. Qxc7+ Kd4 55. Qc4+ Ke5 56. Qd5+ Kf6 57. Qe6+ Kg7 58. Qf7+ Kh8 59. Qg8# 1-0

[Event "Druzynowe Mistrzostwa Polski Juniorow 2019 - II Liga"]
[Site "Szczyrk"]
[Date "1899-12-30"]
[Round "1.96"]
[White "Mielnik, Zofia"]
[Black "Seemann, Pola"]
[Result "0-1"]
[WhiteTitle "IV"]
[BlackTitle "I"]
[WhiteElo "1000"]
[BlackElo "1343"]

1. e4 e5 2. Nf3 Nc6 3. Bc4 Nf6 4. O-O Nxe4 5. d3 Nf6 6. Nc3 Bc5 7. Bg5 O-O 8. Bh4
Be7 9. d4 exd4 10. Ne2 d5 11. Bd3 Bg4 12. Qd2 Ne4 13. Qf4 Bxf3 14. Qxf3 Bxh4 15.
g3 Ne5 16. Qh5 Qg5 17. g4 Qxg4+ 18. Ng3 Bxg3 19. fxg3 Qxh5 20. Rfe1 Nf3+ 21. Kf1
Qh3+ 22. Ke2 Qg2+ 23. Kd1 Qd2# 0-1

[Event "Druzynowe Mistrzostwa Polski Juniorow 2019 - II Liga"]
[Site "Szczyrk"]
[Date "1899-12-30"]
[Round "1.97"]
[White "Gazda, Dominik"]
[Black "Majocha, Piotr"]
[Result "0-1"]
[WhiteTitle "I"]
[BlackTitle "I++"]
[WhiteElo "1624"]
[BlackElo "2005"]

1. e4 e6 2. d3 d5 3. Nd2 Nf6 4. Ngf3 c5 5. g3 Nc6 6. Bg2 Be7 7. O-O O-O 8. Re1
b5 9. e5 Nd7 10. c3 b4 11. Nf1 Rb8 12. h4 bxc3 13. bxc3 Qa5 14. Qc2 Ba6 15. N1h2
d4 16. c4 Ncxe5 17. Rxe5 Nxe5 18. Nxe5 Qe1+ 19. Nf1 Qxe5 20. Bf4 Qh5 21. Bxb8
Rxb8 22. Qa4 Bc8 23. Qxa7 Bd6 24. Nd2 Rb2 25. Bf3 Qf5 26. Be4 Qf6 27. Nf3 h6 28.
a4 Qd8 29. Qa8 Rb6 30. Nxd4 cxd4 31. Bg2 Ra6 32. Qe4 Bc5 33. Rb1 Rb6 34. Rb5 Rxb5
35. cxb5 Bb6 36. Qc6 Bd7 37. Qb7 Qc7 38. Qa8+ Kh7 39. Kf1 f5 40. Bc6 Bc8 41. Ke2
e5 42. h5 Bd7 43. Bd5 Qc8 44. Qxc8 Bxc8 45. Bf7 Ba5 46. Kd1 Kh8 47. Ke2 g5 48.
hxg6 Kg7 49. Kf1 Bb7 50. Ke2 e4 51. g4 fxg4 52. Be6 Kxg6 53. Bxg4 Kg5 54. Bd7
Kf4 55. Bh3 h5 56. Be6 h4 57. Bh3 e3 58. fxe3+ dxe3 59. Kf1 Bf3 0-1

[Event "Druzynowe Mistrzostwa Polski Juniorow 2019 - II Liga"]
[Site "Szczyrk"]
[Date "1899-12-30"]
[Round "1.98"]
[White "Szydelko, Michal"]
[Black "Jaszczuk, Mateusz"]
[Result "1-0"]
[WhiteTitle "I"]
[BlackTitle "I"]
[WhiteElo "1843"]
[BlackElo "1508"]

1. e4 c5 2. Nc3 Nc6 3. g3 e5 4. Bg2 f5 5. exf5 Nf6 6. Nd5 h5 7. d3 d6 8. Bg5 Bxf5
9. Bf3 Bg6 10. Ne2 Be7 11. Bxf6 gxf6 12. Nec3 Nd4 13. Bg2 Qd7 14. Nxe7 Qxe7 15.
Nd5 Qf7 16. c3 Nc6 17. a4 O-O 18. O-O f5 19. f4 e4 20. dxe4 fxe4 21. f5 Bxf5 22.
Bxe4 Qe6 23. Bxf5 Rxf5 24. Rxf5 Qxf5 25. Qxh5 Qxh5 26. Nf6+ Kf7 27. Nxh5 Re8 28.
Rf1+ Kg6 29. Nf4+ Kg5 30. Rd1 Kg4 31. Rxd6 Re1+ 32. Kf2 Rb1 33. h3+ Kf5 34. Ke3
Rxb2 35. Rd5+ Kf6 36. Rxc5 Ra2 37. g4 Rxa4 38. g5+ Kg7 39. h4 Ra1 40. h5 a5 41.
Rb5 1-0

[Event "Druzynowe Mistrzostwa Polski Juniorow 2019 - II Liga"]
[Site "Szczyrk"]
[Date "1899-12-30"]
[Round "1.99"]
[White "Guzik, Michal"]
[Black "Bochenek, Ryszard"]
[Result "0-1"]
[WhiteTitle "II"]
[BlackTitle "II"]
[WhiteElo "1084"]
[BlackElo "1362"]

1. e4 e6 2. d4 d5 3. Bd3 dxe4 4. Bxe4 Nf6 5. Bf3 Bd6 6. Ne2 Nbd7 7. c4 c6 8. Nbc3
O-O 9. O-O Re8 10. Ng3 Qc7 11. Be3 b6 12. Rc1 Bb7 13. Kh1 Rad8 14. d5 Bxg3 15.
fxg3 exd5 16. Bf4 Ne5 17. cxd5 Qb8 18. Re1 Nxd5 19. Bxd5 cxd5 20. Qd4 f6 21. Nd1
Qa8 22. Bxe5 fxe5 23. Rxe5 Rxe5 24. Qxe5 Re8 25. Qc3 d4 26. Qd2 Bxg2+ 27. Kg1
Bh3 28. b3 Re1+ 29. Kf2 Rf1+ 0-1

[Event "Druzynowe Mistrzostwa Polski Juniorow 2019 - II Liga"]
[Site "Szczyrk"]
[Date "1899-12-30"]
[Round "1.100"]
[White "Szuber, Dawid"]
[Black "Mansz, Martyna"]
[Result "1-0"]
[WhiteTitle "II"]
[BlackTitle "I"]
[WhiteElo "1340"]
[BlackElo "1091"]

1. e4 e5 2. Nc3 Nf6 3. g3 Nc6 4. Bg2 Bc5 5. Nge2 Ng4 6. O-O O-O 7. h3 Nf6 8. d3
d6 9. Kh2 h6 10. Na4 Bd4 11. Nac3 Ne8 12. Nxd4 Nxd4 13. Ne2 f5 14. Nxd4 exd4 15.
f4 fxe4 16. dxe4 c5 17. Qd3 Qe7 18. Bd2 Nc7 19. Rae1 b6 20. c3 dxc3 21. Bxc3 Ba6
22. Qd2 Bxf1 23. Bxf1 Rad8 24. Bc4+ Kh8 25. a4 Rfe8 26. h4 Qd7 27. f5 Qxa4 28.
Qxh6# 1-0

[Event "Druzynowe Mistrzostwa Polski Juniorow 2019 - II Liga"]
[Site "Szczyrk"]
[Date "1899-12-30"]
[Round "1.101"]
[White "Wojtas, Emilia"]
[Black "Wasala, Wiktoria"]
[Result "0-1"]
[WhiteTitle "II"]
[BlackTitle "I"]
[WhiteElo "1088"]
[BlackElo "1515"]

1. e4 Nf6 2. e5 Nd5 3. c4 Nb6 4. c5 Nd5 5. d4 Nc6 6. Nc3 e6 7. Nf3 Be7 8. Bc4 Nxc3
9. bxc3 d5 10. cxd6 cxd6 11. exd6 Qxd6 12. Bb2 O-O 13. O-O b6 14. Bd3 Bb7 15.
Qc2 g6 16. Qd2 Bf6 17. Qh6 Bg7 18. Qh4 Qe7 19. Qf4 e5 20. dxe5 Nxe5 21. Nxe5 Bxe5
22. Qe3 Qc7 23. Qh3 Rac8 24. Rac1 Rfd8 25. Rfd1 Qc6 26. Be2 Rxd1+ 27. Bxd1 Bf4
28. Bf3 Qc7 29. Rd1 Bxf3 30. gxf3 f5 31. Qh4 Be5 32. f4 Bxf4 33. Qf6 Bxh2+ 34.
Kh1 Be5 35. Qe6+ Kh8 36. Rd7 Qc6+ 37. Qxc6 Rxc6 38. Rd8+ Kg7 39. Rd7+ Kh6 40.
Rxa7 Bxc3 41. Bc1+ g5 42. Rf7 Kg6 43. Rf8 h6 44. Rg8+ Kf7 45. Rb8 Be5 46. Rb7+
Rc7 47. Rxc7+ Bxc7 48. Kg2 Ke6 49. a4 Kd5 50. Bb2 Be5 51. Ba3 Kc4 52. Bf8 h5 53.
Be7 g4 54. Bd8 Bd4 55. Kg3 Kb3 56. Kh4 Bxf2+ 57. Kxh5 g3 0-1

[Event "Druzynowe Mistrzostwa Polski Juniorow 2019 - II Liga"]
[Site "Szczyrk"]
[Date "1899-12-30"]
[Round "1.103"]
[White "Gorkiewicz, Mateusz"]
[Black "Stachowicz, Hubert"]
[Result "1-0"]
[WhiteTitle "I"]
[BlackTitle "III"]
[WhiteElo "1985"]
[BlackElo "1092"]

1. e4 d6 2. d4 Nf6 3. Nc3 Nc6 4. f4 g6 5. Nf3 Bg4 6. Be3 Bg7 7. h3 Bxf3 8. Qxf3
Nd7 9. O-O-O O-O 10. e5 e6 11. h4 d5 12. h5 h6 13. g4 Ne7 14. g5 Nf5 15. Bd3 Nxe3
16. Qxe3 gxh5 17. gxh6 Bxh6 18. Rxh5 Bg7 19. Bh7+ Kh8 20. Qh3 Bh6 21. Rxh6 f5
22. Bg6+ 1-0